| 000 | 00972pam a2200289 a 4500 | ||
|---|---|---|---|
| 001 | 3841172 | ||
| 003 | PILC | ||
| 005 | 20160811162933.0 | ||
| 008 | 870810s1988 nyu 000 0 eng | ||
| 010 | _a 87024210 | ||
| 020 | _a0688070620 | ||
| 040 |
_aDLC _cDLC _dDLC |
||
| 050 | 0 | 0 |
_aHF 5387 _b.B56 1988 |
| 082 | 0 | 0 | _a174/.4 |
| 100 | 1 | _aBlanchard, Kenneth H. | |
| 245 | 1 | 4 |
_aThe power of ethical management / _cKenneth Blanchard, Norman Vincent Peale. |
| 250 | _a1st edition. | ||
| 260 |
_aNew York : _bW. Morrow, _c1988. |
||
| 300 |
_a139 pages ; _c22 cm. |
||
| 650 | 0 | _aBusiness ethics. | |
| 650 | 0 | _aConduct of life. | |
| 700 | 1 |
_aPeale, Norman Vincent, _d1898-1993. |
|
| 856 | 4 | 2 |
_3Publisher description _uhttp://www.loc.gov/catdir/description/hc044/87024210.html |
| 856 | 4 | 2 |
_3Contributor biographical information _uhttp://www.loc.gov/catdir/enhancements/fy0912/87024210-b.html |
| 906 |
_a7 _bcbc _corignew _d1 _eocip _f19 _gy-gencatlg |
||
| 942 |
_2lcc _cBK |
||
| 999 |
_c300484 _d300484 |
||